Alfred Tennyson : Select Poems (Record no. 23793)

MARC details
000 -LEADER
fixed length control field 00397nam a2200169Ia 4500
008 - FIXED-LENGTH DATA ELEMENTS--GENERAL INFORMATION
fixed length control field 220531s9999 xx 000 0 und d
041 ## - LANGUAGE CODE
Language code of text/sound track or separate title eng
082 ## - DEWEY DECIMAL CLASSIFICATION NUMBER
Item number TIL
100 ## - MAIN ENTRY--PERSONAL NAME
Personal name Tilak, Raghukul
9 (RLIN) 39447
245 ## - TITLE STATEMENT
Title Alfred Tennyson : Select Poems
260 ## - PUBLICATION, DISTRIBUTION, ETC. (IMPRINT)
Name of publisher, distributor, etc. Rama
Date of publication, distribution, etc. 1995
300 ## - PHYSICAL DESCRIPTION
Extent 299
542 ## - INFORMATION RELATING TO COPYRIGHT STATUS
Copyright holder 15-07-1998
650 ## - SUBJECT ADDED ENTRY--TOPICAL TERM
Topical term or geographic name as entry element English
9 (RLIN) 39448
906 ## - LOCAL DATA ELEMENT F, LDF (RLIN)
d 1998-1999
Holdings
Withdrawn status Lost status Source of classification or shelving scheme Damaged status Not for loan Home library Current library Date acquired Vendor Cost, normal purchase price Total Checkouts Total Holds Full call number Barcode Date last seen Bill Date Koha item type Original Barcode
    Dewey Decimal Classification     Shri Siddhivinayak Mahila Mahavidyalaya Shri Siddhivinayak Mahila Mahavidyalaya 15/07/1998 Varma 50.00   1 /TIL/B/4777 SSMM-BK-4777 06/08/2022 06/08/2022 Books 010004777